• 首页
  • 本馆介绍
  • 公告通知
  • 最新文献
  • 馆藏检索
  • 电子资源
  • 读者导购
  • 参考咨询
  • 我的图书馆
  • 登录
  • 详细信息显示
  • 放入我的书架
  • 预约/预借图书
  • 作者相关作品
  • 分类相关作品
  • 丛书相关作品
  • 出版社相关作品

书目信息

  • 表格格式
  • 工作单格式
  • 卡片格式
题名:
奇妙的物理 上
    
 
作者: 丰雪 , 李军 编著
分册:  
出版信息: 广州   广州出版社  1997
页数: 118页
开本: 19cm
丛书名: 百科世界知识丛书
单 册:
中图分类: O4-49 , O4
科图分类: 53.059
主题词: 物理学--青年读物
电子资源:
ISBN: 7-80592-707-3
000 00826nam2 2200313 450
001 073000001863
005 20091028152030.65
009 0198051377
010    @a7-80592-707-3@dCNY8.15
100    @a20040224d am y0chiy0121 ea
101 0  @achi
102    @aCN@b440000
105    @ay z 000yy
200 10 @a奇妙的物理 上@Aqi miao de wu li shang@f李军,丰雪编著
210    @a广州@c广州出版社@d1997
215    @a118页@d19cm
225 2  @a百科世界知识丛书
300 2  @a@h第三辑@v46-47
410  0 @120010@a百科世界丛书
410  0 @12001 @a百科世界知识丛书
606    @a物理学@x青年读物
690    @aO4-49@v3
690    @aO4@v4
692    @a53.059@v2
701  0 @a丰雪@Afeng xue@4编著
701  0 @a李军@Ali jun@4编著
801  2 @aCN@bHX@c20091028
905    @aBZT@dO4@e23-1
906    @dCNY92(全辑)@n0@r1
    
    奇妙的物理 上/李军,丰雪编著.-广州:广州出版社,1997
    118页;19cm.-(百科世界知识丛书)
    
    
    ISBN 7-80592-707-3:CNY8.15
    
●
相关链接 在五车中查询图书 在当当中查询图书 在豆瓣中查询图书


正题名:奇妙的物理 上     索取号:O4/23-1         预约/预借

序号 登录号 条形码 馆藏地/架位号 状态 备注
1 420064   210052654   中心书库北库/ 北库021架B面3列3层11/ [索取号:O4/23-1] 在馆    
2 420065   210052681   中心书库北库/ 北库021架B面3列3层12/ [索取号:O4/23-1] 在馆    
3 420066   210052672   中心书库北库/ 北库021架B面3列3层13/ [索取号:O4/23-1] 在馆    
4 420067   210052707   中心书库北库/ 北库021架B面3列3层14/ [索取号:O4/23-1] 在馆    
5 420068   210052690   中心书库北库/ 北库021架B面3列3层26/ [索取号:O4/23-1] 在馆    
6 420069   210052725   中心书库北库/ 北库021架B面3列3层15/ [索取号:O4/23-1] 在馆    
7 420070   210052716   中心书库北库/ 北库021架B面3列3层16/ [索取号:O4/23-1] 在馆    
8 420071   210052743   中心书库北库/ 北库021架B面3列3层17/ [索取号:O4/23-1] 在馆    
9 420072   210052761   中心书库北库/ 北库021架B面3列3层30/ [索取号:O4/23-1] 在馆    
10 420073   210052734   中心书库北库/ 北库021架B面3列3层18/ [索取号:O4/23-1] 在馆    
山东省滨州职业学院图书馆 欢迎您!
大连网信软件有限公司© 版权所有